Taylor Swift's Most "Haunted" Songs - Statistics

General Stats
  • This quiz has been taken 36 times
  • The average score is 8 of 14
Answer Stats
Hint Answer % Correct
Can't turn back now, I'm haunted Haunted
100%
Help, I'm still at the restaurant, still sitting in a corner I haunt Right Where You Left Me
81%
I've been meaning to tell you, I think your house is haunted Seven
81%
Wonder how many girls he had loved and left haunted ...Ready For It?
74%
They don't know how you've haunted me so stunningly Guilty As Sin
67%
You know I didn't want to have to haunt you, but what a ghostly scene My Tears Ricochet
67%
I knew you'd haunt all of my what-ifs Cardigan
63%
Now I'm searching for signs in a haunted club Death By A Thousand Cuts
52%
Yes, I'm haunted but I'm feeling just fine Florida!!!
52%
Not the things that haunt me in the middle of the night Daylight (outro)
44%
I guess sometimes we all get some kind of haunted Midnight Rain
44%
Gimme something that'll haunt me when you're not around Sparks Fly
41%
Haunted by the look in my eyes Happiness
33%
Too young to wander London streets alone and haunted Beautiful Ghosts (from "Cats")
19%
No matching quizzes found
Score Distribution
Percent of People with Each Score
Percentile by Number Answered
Your Score History
You have not taken this quiz